000 00278nam a22001337a 4500
008 170315b xxu||||| |||| 00| 0 eng d
020 _a200003001857
041 _aeng
080 _a611
100 _a7
101 _aSHM
245 _aDISEASES & DISORDERS
_cAP
942 _2udc
_cBK
999 _c7873
_d7873